| 000 | 00520nam a22001817a 4500 | ||
|---|---|---|---|
| 999 |
_c165006 _d165006 |
||
| 005 | 20190603150142.0 | ||
| 010 | _aENG-125451 | ||
| 020 |
_a9789350451731 _c200.00 |
||
| 035 | _aEN-108983 | ||
| 037 | _bDBAD/PUB | ||
| 082 | _a881 | ||
| 100 | _aChakraborty, Subir | ||
| 245 |
_aThe slent sonata / _cby Subir Chakraborty |
||
| 260 |
_aCalcutta _bWriters Workshop Redbird Book _c2018 |
||
| 270 |
_a162/92, Lake Garden, _bCulcutta _e700045 |
||
| 300 |
_a76p. _c22cms(Hb) |
||
| 942 |
_2ddc _cEN _h881 _mCHA |
||